|
|
|
|
| LEADER |
01089nab a2200253 i 4500 |
| 001 |
tort475 |
| 005 |
20221117095730.0 |
| 008 |
221117s2022 hu o 0|| zxx d |
| 040 |
|
|
|a PEREPO TORTENET
|b hun
|
| 041 |
|
|
|a zxx
|
| 100 |
2 |
|
|a Arany Horváth Zsuzsa
|
| 245 |
1 |
0 |
|a Pályaválasztási konferencia a Zala Megyei Kormányhivatal szervezésében (Videóval képgalériával)
|h [elektronikus dokumentum] /
|c Zsuzsa Arany Horváth
|
| 260 |
|
|
|c 2022-11-11
|
| 490 |
0 |
|
|a Zalai Hírlap Online (ZAOL.hu)
|
| 695 |
|
|
|a Pannon Egyetem Zalaegerszegi Egyetemi Központ - PE ZEK
|
| 695 |
|
|
|a pályaválasztás
|
| 695 |
|
|
|a Sifter Rózsa dr.
|
| 695 |
|
|
|a konferencia
|
| 695 |
|
|
|a előadás
|
| 695 |
|
|
|a videó
|
| 695 |
|
|
|a Németh István dr.
|
| 700 |
0 |
1 |
|a Pezzetta Umberto
|e aut
|
| 856 |
4 |
0 |
|u https://perepo-tortenet.uni-pannon.hu/id/eprint/475/1/2022-11-11_zaol_P%C3%A1lyav%C3%A1laszt%C3%A1si%20konferencia.pdf
|z Dokumentum-elérés
|
| 856 |
4 |
0 |
|u https://perepo-tortenet.uni-pannon.hu/id/eprint/475/2/2022-11-11_zaol_P%C3%A1lyav%C3%A1laszt%C3%A1si%20konferencia%20%5B720p%5D.mp4
|z Dokumentum-elérés
|